书目信息 |
| 题名: |
私家庭院360°
|
|
| 作者: | ;北京吉典博图文化传播公司 编 | |
| 分册: | ||
| 出版信息: | 福州 福建科学技术出版社 2013 |
|
| 页数: | 175页 | |
| 开本: | 27cm | |
| 丛书名: | ||
| 单 册: | ||
| 中图分类: | TU986.5-64 | |
| 科图分类: | ||
| 主题词: | 私家园林--庭院--景观设计--图集 , 私家园林 , 庭院 , 景观设计 | |
| 电子资源: | ||
| ISBN: | 978-7-5335-4370-9 | |
| 000 | 00839nam0 2200265 450 | |
| 001 | 006813626 | |
| 005 | 20140528105210.03 | |
| 010 | @a978-7-5335-4370-9@dCNY49.80 | |
| 100 | @a20130917d2013 em y0chiy0110 ea | |
| 101 | 0 | @achi@eeng |
| 102 | @aCN@b350000 | |
| 105 | @aa z 000yy | |
| 106 | @ar | |
| 200 | 1 | @a私家庭院360°@9si jia ting yuan 360°@dPrivate courtyard 360°@f北京吉典博图文化传播有限公司编@zeng |
| 210 | @a福州@c福建科学技术出版社@d2013 | |
| 215 | @a175页@c照片@d27cm | |
| 510 | 1 | @aPrivate courtyard 360°@zeng |
| 606 | 0 | @a私家园林@x庭院@x景观设计@j图集 |
| 606 | 0 | @a私家园林 |
| 606 | 0 | @a庭院 |
| 606 | 0 | @a景观设计 |
| 690 | @aTU986.5-64@v5 | |
| 711 | 02 | @a北京吉典博图文化传播公司@9bei jing ji dian bo tu wen hua chuan bo gong si@4编 |
| 801 | 0 | @aCN@bNLC@c20131008 |
| 905 | @b547672-74@dTU986.5-64@e649@f3 | |
| 私家庭院360°=Private courtyard 360°/北京吉典博图文化传播有限公司编.-福州:福建科学技术出版社,2013 |
| 175页:照片;27cm |
| ISBN 978-7-5335-4370-9:CNY49.80 |
| ● |
| 相关链接 |
|
|
|
|
正题名:私家庭院360°
索取号:TU986.5-64/649
 
预约/预借
| 序号 | 登录号 | 条形码 | 馆藏地/架位号 | 状态 | 备注 |
| 1 | 547672 | 205476723 | 第二样本阅览室/ [索取号:TU986.5-64/649] | 在馆 | |
| 2 | 547673 | 205476732 | 密集书库-生命科学系/ [索取号:TU986.5-64/649] | 在馆 | |
| 3 | 547674 | 205476741 | 第三借阅区/ [索取号:TU986.5-64/649] | 在馆 |